| Tag |
First Indicator |
Second Indicator |
Subfields |
| LEADER |
00000nam a2200000Ia 4500 |
| 001 |
in00004238917 |
| 005 |
20200807092437.0 |
| 006 |
m g d |
| 007 |
cr bn |||a|bb| |
| 008 |
841116s1667 enka o 00| | eng d |
| 035 |
|
|
|a (OCoLC)11395883
|
| 040 |
|
|
|a EAK
|c EAK
|d UMI
|d WaOLN
|
| 037 |
|
|
|a CL0037000051
|b ProQuest Information and Learning. 300 N. Zeeb Rd., Ann Arbor, MI 48106
|
| 043 |
|
|
|a e-uk-en
|
| 045 |
0 |
|
|b d1672
|
| 049 |
|
|
|a UMIA
|
| 090 |
|
|
|a AY751
|b .P66 1667
|
| 100 |
1 |
|
|a Pond, Edward,
|d d. 1629.
|
| 245 |
1 |
0 |
|a Pond, an almanack for the year of our Lord God 1667 :
|b being the third after bissextile or leap-year and from the worlds creation at the spring 5670 complete : whereunto are added the several fairs held in England each moneth this year /
|c amplified with many good things ... and fitted for the meridian of Saffron-Walden in Essex ...
|
| 260 |
|
|
|a Cambridge [Cambridgeshire] :
|b Printed by John Field ...,
|c 1667.
|
| 300 |
|
|
|a 1 online resource ([49] pages)
|
| 336 |
|
|
|a text
|b txt
|2 rdacontent
|
| 337 |
|
|
|a computer
|b c
|2 rdamedia
|
| 338 |
|
|
|a online resource
|b cr
|2 rdacarrier
|
| 500 |
|
|
|a Includes: A brief chronology, a table of interest rates, dates prohibiting marriage and medicinal remedies.
|
| 500 |
|
|
|a Second part has special t.p. : Pond, 1667, the latter part of this almanack for the year of our Lord God 1667.
|
| 500 |
|
|
|a Reproduction of original in the Bodleian Library.
|
| 510 |
4 |
|
|a Wing
|c A2147A.
|
| 533 |
|
|
|a Electronic reproduction.
|b Ann Arbor, Mich. :
|c UMI,
|d 1999-
|f (Early English books online)
|n Digital version of: (Early English books, 1641-1700 ; 1453:33)
|7 s1999 miun s
|
| 650 |
|
0 |
|a Almanacs, English.
|
| 650 |
|
0 |
|a Ephemerides.
|
| 650 |
|
0 |
|a Astrology
|v Early works to 1800.
|
| 740 |
0 |
|
|a Almanack for the year of our Lord God, 1667.
|
| 830 |
|
0 |
|a Early English books online.
|
| 856 |
4 |
0 |
|u http://proxy.library.tamu.edu/login?url=https://search.proquest.com/docview/2248513715
|z Connect to the full text of this electronic book
|t 0
|
| 999 |
f |
f |
|s b7333083-6f26-3757-a981-73d143fd5d9c
|i f131c573-c8b6-3d58-a3f7-ec20ded09842
|t 0
|
| 952 |
f |
f |
|a Texas A&M University
|b College Station
|c Electronic Resources
|d Available Online
|t 0
|e AY751 .P66 1667
|h Library of Congress classification
|
| 998 |
f |
f |
|a AY751 .P66 1667
|t 0
|l Available Online
|